| 000 | nam a22 7a 4500 | ||
|---|---|---|---|
| 999 |
_c232966 _d232966 |
||
| 003 | Nust | ||
| 005 | 20170227115037.0 | ||
| 008 | 170227b xxu||||| |||| 00| 0 eng d | ||
| 040 | _c0 | ||
| 050 | _a363.7 MUN | ||
| 082 | _a363.7 MUN | ||
| 100 | _aMunawar,Sana | ||
| 245 |
_aIdentifying Potential Of Reducing Emissions From Deforestation And Degradation (REDD) In Northern Pakistan _cSana Munawar |
||
| 260 |
_aIslamabad _bIESE (SCEE) NUST _c2014. |
||
| 300 |
_a43 p. _bHB. |
||
| 440 | _aMS Environmental Science | ||
| 500 | _aThesis MS ES | ||
| 650 | _aEnvironmental Science | ||
| 700 | _4Dr. M Fahim Khokhar (Supervisor) | ||
| 942 |
_2ddc _cTHE _kIESE |
||